000 00325nam a2200133Ia 4500
008 200103s9999||||xx |||||||||||||| ||und||
040 _aIMU-MPC
082 _aColumn-46
100 _aHMSO, London
245 0 _aHandbook of Meteorological Instruments Part 2
260 _bHMSO, London
_c1961
300 _aix, 209
942 _cBK
999 _c9335
_d9335